| 000 | 00431nam a2200133 4500 | ||
|---|---|---|---|
| 999 |
_c13250 _d13250 |
||
| 008 | 190220b ||||| |||| 00| 0 eng d | ||
| 082 | _aDPer 050 T48 Apr-June 2016 v. 187 | ||
| 100 |
_937039 _aGrossman, Lev |
||
| 245 |
_aWhat VR's rocky past reveals about its future/ _cLev Grossman |
||
| 260 |
_aHong Kong; _bTime Asia, _cc2016. |
||
| 300 |
_av187 n12, pages 15-16: _billustrations; _c27cm. |
||
| 650 |
_a2 _937040 |
||
| 942 |
_2ddc _cPER |
||